Technológia stavieb vo výučbe stavebných inžinierov 2. odborný seminár : Bratislava, 8. a 9. 12. 2005

Podrobná bibliografia
Médium: Kniha
Jazyk:slovenčina
angličtina
nemčina
Fyzický popis:54 s. fotogr., grafy, sch. 29 cm
Vydavateľské údaje: Bratislava Slovenská technická univerzita 2005
ISBN:8022723312 (brož.)
Vydanie:[1. vyd.]
Predmet:

MARC

LEADER 00000nam a2200000 a 4500
001 vtls008935494
003 SK-MaSNL
005 20260301080749.0
008 250414s2005 xo odl f 100 0 slo
015 |a SNBA2007/04-01311 
020 |a 8022723312 (brož.) 
035 |a b6a8bd2c-b42b-4332-a751-f5a5411d2fa0 
035 |a urn:nbn:sk:snk-amjs0r 
035 |a urn:nbn:sk:snk:ar-0096u8 
040 |a SNK  |b slo  |c SNK  |e AACR2 
041 0 |a slo  |a eng  |a ger  |b eng 
044 |a xo  |c SK 
072 7 |a 69  |x Stavebníctvo  |2 konspekt 
080 |a 624-051  |2 2001 
080 |a (063)  |2 2001 
080 |a 69.05  |2 20001 
245 0 0 |a Technológia stavieb vo výučbe stavebných inžinierov  |b 2. odborný seminár : Bratislava, 8. a 9. 12. 2005 
250 |a [1. vyd.] 
260 |a Bratislava  |b Slovenská technická univerzita  |c 2005 
300 |a 54 s.  |b fotogr., grafy, sch.  |c 29 cm 
366 |e 50 výtl. 
504 |a Bibliogr. odkazy 
546 |a Čiast. text angl., nem. Res. angl. 
650 0 7 |a stavebné technológie  |2 SNKPH  |9 66818 
650 0 7 |a stavební inžinieri  |2 SNKPH  |9 4363 
655 7 |a zborníky konferencií  |2 SNKPH  |9 70153 
655 7 |a issue_zb  |2 SNK  |9 276493 
852 |a Slovenská národná knižnica 
919 |a 80-227-2331-2 
954 |a odborná, vedecká literatúra pôvodná (slovenská)  |2 lita 
954 |a odborná, vedecká literatúra cudzojazyčná (svetová)  |2 lita 
958 |a ART 
958 |a NB 
958 |a OND 
968 |d 66/69 
999 |c 654041  |d 655971 
952 |a SNK  |b SNK  |y VYP  |7 0  |p 17A0497095  |o snkSB 73357 D1  |i snk2007/1242  |8 0  |0 0  |1 0  |4 0  |d 2007-01-16  |l 0  |r 2016-06-30 00:00:00  |w 2026-02-23 
952 |a SNK  |b SNK  |y PREZ  |7 0  |p 17A0497096  |o snkSB 73357  |i snk2007/1241  |8 0  |0 0  |1 0  |4 0  |d 2007-01-16  |f 1  |l 0  |r 2025-04-28 00:00:00  |w 2026-02-23